ARCOM (Record no. 120911)

MARC details
000 -LEADER
fixed length control field 00987cai a22001935a 4500
001 - CONTROL NUMBER
control field L153042
008 - FIXED-LENGTH DATA ELEMENTS--GENERAL INFORMATION
fixed length control field 110526u2011 xxk g 000 0 eng d
035 ## - SYSTEM CONTROL NUMBER
System control number (Sirsi) u153042
041 0# - LANGUAGE CODE
Language code of text/sound track or separate title eng
110 2# - MAIN ENTRY--CORPORATE NAME
Corporate name or jurisdiction name as entry element The Association of Researchers in Construction Management (ARCOM)
245 00 - TITLE STATEMENT
Title ARCOM
Remainder of title The Association of Researchers in Construction Management
Medium [electronic resource]
260 ## - PUBLICATION, DISTRIBUTION, ETC.
Place of publication, distribution, etc. 2011
520 ## - SUMMARY, ETC.
Summary, etc. The Association of Researchers in Construction Management (ARCOM) brings together all those interested in construction management research. Its aim is to further the advancement of knowledge in all aspects of management in construction by supporting education, dissemination and research. Details of conferences, publications, workshops, abstracts and other resources.
590 ## - LOCAL NOTE (RLIN)
Local note KA NTK
651 #4 - SUBJECT ADDED ENTRY--GEOGRAPHIC NAME
Geographic name International
690 ## - LOCAL SUBJECT ADDED ENTRY--TOPICAL TERM (OCLC, RLIN)
Topical term or geographic name as entry element CONSTRUCTION RESEARCH
856 40 - ELECTRONIC LOCATION AND ACCESS
Uniform Resource Identifier <a href="https://www.arcom.ac.uk/Default.htm">https://www.arcom.ac.uk/Default.htm</a>
Public note View the website free of charge at www.arcom.ac.uk
942 ## - ADDED ENTRY ELEMENTS (KOHA)
Suppress in OPAC 0
Holdings
Withdrawn status Lost status Source of classification or shelving scheme Damaged status Not for loan Home library Current library Shelving location Date acquired Total Checkouts Full call number Barcode Date last seen Copy number Price effective from Koha item type
    Dewey Decimal Classification     Virtual Virtual Online 26/05/2011   WEB-SITE 153042-1001 06/08/2019 1 06/08/2019 Online material